MDQL
is popping MORE tags! Check the
thread
!
Quizzes
Events
Quiz Creation
Community
Videos
Private Events
Remove Ads
Sign In
Join for FREE
Feedback
Dark Mode
Quiz Categories
Sports
Geography
Music
Movies
Television
Just For Fun
Miscellaneous
History
Literature
Language
Science
Gaming
Entertainment
Religion
Holiday
For Kids
Quiz Lab
Recent
Popular Today
Quiz Kudos Today
Editor Picks
Curator Picks
Quizzes by...
Day
Popularity
Type
Ratings
Length
Year
Community
Subscriptions
Recent Discussions
Orange Saloon
Badges
Playlists
Quests
Create
Leaderboards
Showdown
Live 5
Trivia Bingo
Activity
Puzzle Library
Sporcle Events
Private Events
Virtual Trivia
Globe League
Become a Host
Pub Owners
SporcleCon
Opinionation
Our Games
Videos
Blog
Mobile Apps
Partnerships
Remove Ads and Go Orange
Feedback
Television
TV Characters
TV Show
Sitcom
Network
Friends
Reality Shows
Cast
South Park
Star Trek
The Simpsons
Doctor Who
Television
TV Characters
TV Show
Sitcom
Network
Friends
Reality Shows
Cast
South Park
Star Trek
The Simpsons
Doctor Who
Random Quiz
Search Sporcle
×
Quiz Lab
Quiz Lab
Television
Typing
Type in answers that appear in a list
Type in answers that appear in a list
Classic
Best Score? Go Orange.
The Office Typing Challenge Stats
How fast can you type these Office US related words
By
Fitchmusic
90s
39 Questions
447 Plays
447 Plays
447 Plays
Comments
Comments
Give Quiz Kudos
Give Quiz Kudos
-
- Ratings
hide this ad
No Skip
Answers have to be entered in order without skipping
Answers have to be entered in order without skipping
Replay
Link that replays current quiz
Next Quiz
Link to next quiz in quiz playlist
You Got
0%
They Got
Avg Score
75%
Avg Friend Score
Upgrade to see
Score Distribution
Jump to the score distribution portion of the page
Score
0/39
Timer
01:30
0
Plays Today
Word
Answer
% Correct
?
???
100%
?
???
97.5%
?
???
97.3%
?
???
96.4%
?
???
96.4%
?
???
96%
?
???
95.5%
?
???
95.3%
?
???
95.3%
?
???
95.1%
?
???
94.4%
?
???
94.4%
?
???
94.4%
?
???
94%
?
???
93.3%
?
???
93.1%
?
???
92.8%
?
???
91.7%
?
???
90.6%
?
???
89.3%
Word
Answer
% Correct
?
???
88.1%
?
???
86.6%
?
???
84.3%
?
???
82.6%
?
???
80.8%
?
???
76.7%
?
???
72.9%
?
???
68.7%
?
???
61.5%
?
???
56.8%
?
???
53.9%
?
???
48.8%
?
???
45.6%
?
???
39.6%
?
???
35.3%
?
???
26.8%
?
???
21.7%
?
???
17.7%
?
???
12.1%
Quiz Playlist
Details
Report
Send in Message
Add To Playlist
Classic:
Type in answers that appear in a list
No Skip:
Answers have to be entered in order without skipping
Last Updated: Aug 29, 2017
Quiz Scoreboard
CHALLENGE
Sign Up to Join the Scoreboard
Show All
Scores
Hide
Comments
May contain spoilers
Recently Published
Two Season TV Shows II
by 123Four
Television
10m
Image Sorting: Flags VI
by Barbecue
Geography
2m
Find the 'City' Movie
by crazypaving
Movies
60s
More to Explore
Quiz From the Vault
Featured Blog Post
14 Easter Pick-up Lines to Find Eggs With
hide this ad
You Might Also Like...
Tags
Typing Quiz
challenge
fast
office
Related
Today's Top Quizzes in Television
Browse Television
hide this ad
Today's Top Quizzes in Typing
Browse Typing
Top Contributed Quizzes in Television
1
Survivor Journey Challenge
2
Adjectives in 00s TV Shows
3
Brooklyn Nine Nine Logic Puzzle (How-To-Play)
4
Even More Two Season TV Shows
5
Total Drama Characters
6
Survivor Logic Puzzle: Heroes vs. Villains
7
Adjectives in 10s TV Shows
8
Survivor Heroes vs. Villains Logic Puzzle
9
Phoebe Buffay Quotes
10
Survivor Seasons
Explore More
Trending Topics
Crossword
Anime
Harry Potter
Kpop
NBA
Disney
Marvel
Country
The Office
Puzzle
NFL
Pokémon
WWE
Song
Soccer
hide this ad
More By:
Fitchmusic
Quiz
Plays
Rating
Category
Featured
Created
Bach or Handel?
1,596
4.80
Music
Jul 28, 2017
The Office Typing Challenge
447
4.50
Television
Aug 29, 2017
Game of Thrones Typing Challenge
437
4.00
Television
Aug 30, 2017
John Williams or Hans Zimmer
296
5.00
Music
Jul 22, 2017
Game of Thrones Locations in Titles
225
4.50
Television
Jul 22, 2017
Go to Creator's Profile
Score Distribution
Quiz Creator Spotlight
Fitchmusic
Follow
Send a Message
Quizzes Created
-
Created Quiz Play Count
-
More By This Creator
Popular Quizzes Today
1
Find the US States - No Outlines Minefield
2
Colored Red Africa Blitz
3
Find the 'City' Movie
4
5x2 Blitz: Bands
5
The Countries of the World
6
Find the Countries of Europe - No Outlines Minefield
7
Find the US States
8
US States
More Television Quizzes
Family Guy Film Parodies II
Published
Trending Quizzes
Colored Red Europe Blitz I
Colored Red Africa Blitz II
Colored Red Europe Blitz II
Colored Red Africa Blitz III
Even More Two Season TV Shows
Recently Updated
March Madness Men's Triple Doubles
pecheneg
How Do You Spell That?
pecheneg
Godzilla Movies
pecheneg
Grab Bag: 4-10 Letters
pecheneg
2024 March Madness Bracket
pecheneg
Famous TV Couples
Peacemaker
Champions League XIs: Real Madrid
pecheneg
Largest US Cities 1790-2010
pecheneg
Rides in Walt Disney World
pecheneg
Most Oscar Losses (Acting)
pecheneg
Trending Topics
NBA
Harry Potter
Kpop
Crossword
Anime
Disney
Marvel
Country
Song
Puzzle
Pokémon
NFL
The Office
WWE
Soccer
Your Account Isn't Verified!
In order to create a playlist on Sporcle, you need to verify the email address you used during registration. Go to your
Sporcle Settings
to finish the process.
Report this User
Report this user for behavior that violates our
Community Guidelines
.
Details:
Send Report
Go to the Sporcle.com Mobile Site →
Comments